Les Animaux fantastiques : vie et habitat - Statistiques

Statistiques générales
  • Ce quiz a été pris 14 fois
  • Le résultat moyen est 25 sur 81
Statistiques - réponses
MDLM Animal % Correct
XXXX* Licorne
89%
XX Botruc
78%
XXXXX Dragon
78%
XXX Niffleur
78%
X Veracrasse
78%
XXX Hippogriffe
67%
XXXX* Phénix
67%
XXXXX Acromentule
56%
XXXXX Basilic
56%
XXXX Demiguise
56%
XX Fée
56%
XXXXX Loup-Garou
56%
XXX Salamandre
56%
XX Strangulot
56%
XXXX* Centaure
44%
XXXXX Chimère
44%
XXXX Grapcorne
44%
XXX Lutin
44%
XXXXX Manticore
44%
XXXX Oiseau-Tonnerre
44%
XX Veaudelune
44%
XX Augurey
33%
XXX Chaporouge
33%
XXX Crabe de feu
33%
XX Dirico
33%
XXX Doxy
33%
XXXX Éruptif
33%
XXXX* Êtres de l'eau
33%
XXX Fléreur
33%
XXX Focifère
33%
XXXX Griffon
33%
XX Jobarbille
33%
XXXX Kappa
33%
XXXX Kelpie
33%
XXX Murlap
33%
XXXX Occamy
33%
XX Porlock
33%
XXX Serpencendre
33%
XXXX Troll
33%
XXX Billywig
22%
XXX Boullu
22%
XX Boursouf
22%
XXX Chartier
22%
XX-XXXX Cheval ailé
22%
XXXX Erkling
22%
XXX Farfadet
22%
XX Gnome
22%
XXX Hippocampe
22%
XXX Malagrif tacheté
22%
XXX Moke
22%
XXXXX Moremplis
22%
XXX Noueux
22%
XXXXX Quintaped
22%
XXXX Runespoor
22%
XXXXX Serpent cornu
22%
XXXX Snallygaster
22%
XXXX* Vivet doré
22%
XXXX Yéti
22%
XXX Bandimon
11%
XX Ciseburine
11%
XX Clabbert
11%
XXX Croup
11%
XX Diablotin
11%
XXXX Dissimuleur
11%
XXX Fangieux
11%
XX Goule
11%
XXX Grinchebourdon
11%
XXX Hodag
11%
X Horglup
11%
XXX Licheur
11%
XXX Musard
11%
XXXXX Nundu
11%
XXXX Re'em
11%
XX Rémora
11%
XXX Serpent de mer
11%
XXXX Sphinx
11%
XXXX Tébo
11%
XXX Verlieu
11%
XXXXX Womatou
11%
XXX Povrebine
0%
XXX Sharak
0%
Aucun quiz correspondant
Distribution des résultats
% des personnes avec chaque résultat
Percentile par nombre de réponses
Votre historique - résultats
Vous n’avez pas pris ce quiz